Science Quiz

Random Science or Clickable Quiz

Elbow, Wrist, Thumb Quiz Stats

 Plays Quiz not verified by Sporcle

Challenge
Share
Tweet
Embed
Score 0/43 Timer 15:00
0 Plays Today
% Correct
5-10
100%
elbow
100%
Humerus + Radius + Ulna
100%
Elbow joint
100%
radius
100%
add to elbow stability
100%
Biceps tendon + Median Nerve + Brachial Artery + Median cubital Vein
100%
Inflammation of extensor tendons at lateral epicondyle
100%
Provocative test for tennis elbow
100%
Medial epicondylitis
100%
Provocative for Golfer's Elbow
100%
numbess or tingling ulnar side of hand
100%
Tinel's sign at cubital tunnel (ulnar nerve)
100%
Results in positive sign for compressed ulnar nerve
100%
numbness or tingiling on median side
100%
When annular ligament stretched and head of radius slips inside ligament
100%
Inflammation of APL and EPB tendons
100%
Can lead to blood supply problems
100%
TFCC Tear Positive Provocative test
100%
Compression of median nerve at wrist
100%
thumb
100%
loss of carilage due to repetive manual labour or aging
100%
% Correct
Gakekeeper's thumb
100%
Intervention for CMC arthritis
100%
Intervention for gamekeeper's thumb
100%
elbow
50%
10-15
50%
Not technically part of the elbow joint
50%
holds head of radius in ulna
50%
Positive Tinel for median nerve
50%
Carpal bones + radius and ulna + base of 5 metacarpas
50%
Radiocarpal joint + midcarpal joint
50%
Articular disc connecting distal radius and ulna while allowing rotation
50%
Triangular Fibrocaritlage Complex
50%
TFCC + Ulna
50%
Proximal Radio Ulnar Joint
50%
common, through daily living.
50%
Median nerve compression
50%
CMC arthritis
50%
Intervention for Carpal tunnel
50%
Intervention for TFCC tear
50%
Ulnar collateral ligament injury at MCP joint
0%
Intervention for Dequervie's
0%

You're not logged in!

Compare scores with friends on all Sporcle quizzes.
OR
Log In

You Might Also Like...

Show Comments

Extras

Created Apr 27, 2014ReportNominate
Tags:Clickable Quiz, elbow, thumb, wrist

Top Quizzes Today


Score Distribution

Your Account Isn't Verified!

In order to create a playlist on Sporcle, you need to verify the email address you used during registration. Go to your Sporcle Settings to finish the process.

Report this User

Report this user for behavior that violates our Community Guidelines.

Details: